| 000 | 01161nas a2200313 4500 | ||
|---|---|---|---|
| 001 | BR8301098 | ||
| 003 | BR-BrBNA | ||
| 005 | 20231205085448.0 | ||
| 007 | ta | ||
| 008 | 230509b bl.|||p| |||| 00| 00por d | ||
| 040 |
_aBR-BrBNA _bpor _cBiblioteca Nacional de Agricultura |
||
| 041 | _a(Pt) | ||
| 072 | _aL73 | ||
| 100 | 1 | _aFaria, J.E. de | |
| 100 | 1 | _aFigueiredo, J.B. | |
| 100 | 1 | _aSantos, J.L. dos | |
| 245 | 1 |
_aFrequencia de patogenos na pele e meatos de tetas de bovinos [glandula mamaria, exame bacteriologico, mamite, diagnostico, bacteria, Minas Gerais, Brasil] _bParte de tese |
|
| 246 | 1 |
_a[Pathogen frequence in the skin and galactophorus ducts of cows teats [mammary gland, bacteriological examination, mastitis, diagnosis, bacterium, Minas Gerais, Brazil]] _b[Part of thesis] |
|
| 650 | _aANALISE BACTERIOLOGICA | ||
| 650 | _aBOVINO | ||
| 650 | _aGLANDULA MAMARIA | ||
| 650 | _aBACTERIA | ||
| 650 | _aMAMITE | ||
| 650 | _aDIAGNOSTICO | ||
| 650 | _aMINAS GERAIS | ||
| 773 | 0 |
_tRevista Ceres (Brazil) _xISSN 0034-737X _g(1982), v. 29(163) p. 321-326 _wBR8301098 |
|
| 909 |
_a202311 _bLúcia _c55 _dLúcia Elande |
||
| 942 |
_2AGRIS _n0 _cANA |
||
| 999 |
_c111575 _d111575 |
||